Házená Teorie a didaktika
Saved in:
| Main Author: | |
|---|---|
| Other Authors: | , |
| Format: | Book |
| Language: | Czech |
| Published: |
Praha
Stát. ped. nakl.
1990
|
| Edition: | 2. přeprac. vyd. |
| Series: | Učebnice pro vysoké školy
|
| Tags: |
No Tags, Be the first to tag this record!
|
MARC
| LEADER | 00000nam a2200000 4500 | ||
|---|---|---|---|
| 001 | c028585 | ||
| 005 | 20221215120010.1 | ||
| 041 | 0 | |a cze | |
| 044 | |a CZ | ||
| 245 | 1 | 0 | |a Házená |b Teorie a didaktika |c Svatopluk Jančálek, František Táborský, Jana Šafaříková |
| 250 | |a 2. přeprac. vyd. | ||
| 264 | 1 | |a Praha |b Stát. ped. nakl. |c 1990 | |
| 300 | |a 182 s. | ||
| 490 | 1 | |a Učebnice pro vysoké školy | |
| 830 | 0 | |a Učebnice pro vysoké školy | |
| 100 | 1 | |a Jančálek, Svatopluk | |
| 700 | 1 | |a Táborský, František | |
| 700 | 1 | |a Šafaříková, Jana | |